00577nam a2200169Ia 4500008004100000020001500041041001200056082001600068100001500084245005500099260003600154300000800190650001600198942000700214999001500221952017100236221030s9999 xx 000 0 und d a8178840219 aEnglish a105.23bJai aV. K. Jain 0aAdvanced Database Management Systemcby V. K. Jain bCyber Tech PubaNew Delhic2001 a663 aBE Computer cBK c7858d7858 pBE 5588g295.00l0o105.23 Jair2024-06-13 00:00:00w2022-10-30yBK003Print4070aMIETLIBbMIETLIBcBL-Academic Block C, FL-2, CUP-46, SH-3, R-3d2002-06-1910HBE